Die drei größten Landkreise nach Bundesland - Statistiken

Allgemein
  • Dieses Quiz wurde 68 mal gespielt
  • Das Durchschnittsergebnis liegt bei 14 aus 39
Antwortstatistiken
Bundesland Fläche Landkreis % Korrekt
Mecklenburg-Vorpommern 5.495 km² Mecklenburgische Seenplatte
60%
Mecklenburg-Vorpommern 4.766 km² Ludwigslust-Parchim
54%
Brandenburg 2.592 km² Potsdam-Mittelmark
54%
Saarland 556 km² Merzig-Wadern
52%
Schleswig-Holstein 2.189 km² Rendsburg-Eckernförde
52%
Mecklenburg-Vorpommern 3.945 km² Vorpommern-Greifswald
52%
Sachsen 2.111 km² Görlitz
48%
Schleswig-Holstein 2.083 km² Nordfriesland
48%
Niedersachsen 2.297 km² Region Hannover
48%
Saarland 459 km² Saarlouis
48%
Sachsen 2.116 km² Mittelsachsen
46%
Sachsen-Anhalt 2.367 km² Börde
44%
Baden-Württemberg 1.860 km² Ortenau
44%
Saarland 476 km² St. Wendel
44%
Brandenburg 3.077 km² Uckermark
42%
Sachsen 2.395 km² Bautzen
40%
Schleswig-Holstein 2.071 km² Schleswig-Flensburg
40%
Hessen 1.848 km² Waldeck-Frankenberg
40%
Rheinland-Pfalz 1.626 km² Bitburg-Prüm
38%
Sachsen-Anhalt 2.424 km² Stendal
38%
Niedersachsen 2.883 km² Emsland
36%
Nordrhein-Westfalen 1.960 km² Hochsauerland
36%
Sachsen-Anhalt 2.294 km² Salzwedel
32%
Hessen 1.539 km² Schwalm-Eder
32%
Hessen 1.458 km² Vogelsberg
32%
Brandenburg 2.526 km² Ostprignitz-Ruppin
30%
Nordrhein-Westfalen 1.420 km² Borken
28%
Baden-Württemberg 1.632 km² Ravensburg
24%
Nordrhein-Westfalen 1.795 km² Steinfurt
24%
Bayern 1.530 km² Passau
22%
Rheinland-Pfalz 1.102 km² Trier-Saarburg
22%
Rheinland-Pfalz 1.167 km² Bernkastel-Wittlich
20%
Thüringen 1.371 km² Wartburg
20%
Bayern 1.971 km² Ansbach
18%
Bayern 1.533 km² Traunstein
18%
Niedersachsen 2.121 km² Osnabrück
16%
Thüringen 1.151 km² Saale-Orla
16%
Thüringen 1.251 km² Schmalkalden-Meiningen
16%
Baden-Württemberg 1.511 km² Ostalb
14%
Keine übereinstimmenden Quizze gefunden
Verteilung der Resultate
Anzahl Personen mit jedem Resultat
Perzentil nach korrekt beantworteten Fragen
Ihre Resultats-Entwicklung
Sie haben dieses Quiz noch nicht gespielt